000 00967nam a22002417a 4500
003 OSt
005 20150408113912.0
008 110825s2010 le ||||g k 00| 0 ara d
020 _a9786140100787
040 _cدار أجنادين
082 _221
_a005.369
_bك ج خ
100 _aكوكس، جويس.
_93186
245 _aMicrosoft Powerpoint 2010 خطوة خطوة /
_cتأليف جويس كوكس، جوان لامبرت ؛ اوليغ عوكي.
246 _aMicrosoft Powerpoint 2010
260 _c2010
300 _a444 ص. :
_bأشكال ؛
_c24 سم.
500 _aالكتاب يضم ترجمة الأصل الإنجليزي Microsoft Powerpoint 2010, step by step.
650 _aمايكروسوفت بوربوينت
_93234
650 _aالعروض التقديمية
_xبرامج الحاسوب
_93235
700 _aلامبرت، جوان،
_eم. مشارك.
_93230
700 _aعوكي، اوليغ،
_eمترجم.
_93176
942 _2ddc
_cDVD
999 _c13587
_d248087